| 000 -LEADER | |
|---|---|
| fixed length control field | 00532nam a22001817a 4500 |
| 005 - DATE AND TIME OF LATEST TRANSACTION | |
| control field | 20240920161920.0 |
| 008 - FIXED-LENGTH DATA ELEMENTS--GENERAL INFORMATION | |
| fixed length control field | 240920b |||||||| |||| 00| 0 eng d |
| 020 ## - INTERNATIONAL STANDARD BOOK NUMBER | |
| ISBN | 978-93-6180-682-7 |
| 041 ## - LANGUAGE CODE | |
| Language code of text/sound track or separate title | eng |
| 082 ## - DEWEY DECIMAL CLASSIFICATION NUMBER | |
| Classification number | 362.1782 |
| 100 ## - MAIN ENTRY--AUTHOR NAME | |
| Personal name | VED, DR. AKASH AND HANDE, DR. RUPALI AND GARG, MR. NAVEEN |
| 245 ## - TITLE STATEMENT | |
| Title | COMMUNITY PHARMACY AND MANAGEMENT [ D PHARMA, 2ND YEAR ] |
| 250 ## - EDITION STATEMENT | |
| Edition statement | 2ND ED. 2024 |
| 260 ## - PUBLICATION, DISTRIBUTION, ETC. (IMPRINT) | |
| Place of publication | LUCKNOW |
| Name of publisher | THAKUR PUBLICATION PVT.LTD |
| 300 ## - PHYSICAL DESCRIPTION | |
| Number of Pages | 168; P |
| 650 ## - SUBJECT ADDED ENTRY--TOPICAL TERM | |
| Topical Term | PHARMACY |
| General subdivision | D.PHARMA |
| 942 ## - ADDED ENTRY ELEMENTS (KOHA) | |
| Koha item type | Books |
| Lost status | Damaged status | Collection code | Home library | Current library | Shelving location | Date acquired | Source of acquisition | Cost, normal purchase price | Serial Enumeration / chronology | Full call number | Accession Number | Koha item type |
|---|---|---|---|---|---|---|---|---|---|---|---|---|
| PHARMACY | JRU Library | JRU Library | SHELF-3-D | 13/09/2024 | PURCHASE | 280.00 | NEW ARRIVALS SHELF | 362.1782 | 28572 | Books | ||
| PHARMACY | JRU Library | JRU Library | SHELF-16-F | 13/09/2024 | PURCHASE | 280.00 | 362.1782 | 28573 | Books | |||
| PHARMACY | JRU Library | JRU Library | SHELF - 19 - I | 13/09/2024 | PURCHASE | 280.00 | 362.1782 | 28574 | Books |